00342 a2200109 4500001001000000005001700010008004100027245006500068100002000133773006200153999001700215ART_4498820260410162039.0260409a 10aHegemonía empresarial y estrategias de control sistémico1 aFigari, Claudia0 tEstudios del trabajog- Nº 46 (jul./dic. 2013)wREV44896 c34729d34729